000 01571 a2200229 4500
001 54741
005 20260407155822.0
008 260407a2008 arg spa d
003 AR-UNSa-BCEJYS
040 _aAR-UNSa-BCEJYS
_bspa
_cAR-UNSa-BCEJYS
080 _a321.01
_xTeoría general del Estado. Teoría y filosofía del poder. Estado y territorio. Autoridad y oposición. Usurpación (Filosofía política)
245 1 0 _aDesigualdades sociales y estado
_pun estudio multidisciplinar desde la posmodernidad
020 _a978-987-95774-4-8
264 1 _aBuenos Aires :
_bUniversidad de Buenos Aires. Facultad de Derecho. Departamento de Publicaciones
_c2008
300 _a203 p.
_c22 cm.
505 _a1. Introducción – 2. De las semejanzas entre el Estado pre moderno y el Estado posmoderno. Rol de la intelligentsia – 3. La incidencia de la filosofía política del utilitarismo y otras ideas cosmopolitas en la formación del Estado-nación Argentino y el contrato social ausente – 4. El orden internacional y las instituciones de la convivencia internacional ¿Después del Estado qué? – 5. Una posible realidad política posmoderna. Tolerancia y exclusión: proceso reactivo ante el cambio – 6. La estatización y espectacularizacion de la pobreza: análisis crítico del discurso posmoderno televisivo en la Argentina – 7. Los testimonios difuminados – 8. Las escuelas cuentan sus historias en la web.
041 _aspa
942 _cBK
590 _aniveau_biblio:m niveau_hierar:0
100 1 _aOrtiz, Tulio E.
700 1 _aPardo, Maria Laura
999 _c5763
_d5763